| 000 | 01736cam a2200373 a 4500 | ||
|---|---|---|---|
| 001 | 14881866 | ||
| 003 | ARRUPE | ||
| 005 | 20131001140232.0 | ||
| 008 | 070606s2003 sw b 000 0 eng | ||
| 010 | _a 2007435211 | ||
| 020 | _a2825413887 | ||
| 020 | _a9782825413883 | ||
| 035 | _a(OCoLC)ocm53782565 | ||
| 040 |
_aTLQ _cTLQ _dTWU _dGHS _dOCLCQ _dBAKER _dNLGGC _dDLC |
||
| 042 | _alccopycat | ||
| 043 | _af------ | ||
| 050 | 0 | 0 |
_aBR1360 _b.K63 2003 |
| 100 | 1 |
_aKobia, Samuel. _91853 |
|
| 245 | 1 | 4 |
_aThe courage to hope : _bthe roots for a new vision and the calling of the church in Africa / _cSamuel Kobia. |
| 260 |
_aGeneva : _bWCC Publications, _c2003. |
||
| 300 |
_axi, 218 p. ; _c21 cm. |
||
| 440 | 0 |
_aRisk book series ; _vno. 102 _91854 |
|
| 504 | _aIncludes bibliographical references (p. [214]-218). | ||
| 505 | 0 | _aIntroduction -- The home of humanity -- The dilemma and dreams of Pan-Africanism -- Migration of the European nation-state in Africa -- The crisis of conscience -- Human dignity and modernity in Africa -- Reconstruction and renaissance -- Ecumenical and ethical imperatives -- Torments of death and rebirth of the spirit -- Ecu-space and the sanctuary of life -- Fighting poverty. | |
| 650 | 0 |
_aChristianity _zAfrica. _91855 |
|
| 650 | 0 |
_aChurch and social problems _zAfrica. _91856 |
|
| 651 | 0 |
_aAfrica _xPolitics and government _y1960- _91857 |
|
| 651 | 0 |
_aAfrica _xSocial conditions _y1960- _91858 |
|
| 710 | 2 |
_aWorld Council of Churches. _91859 |
|
| 856 | 4 | 1 |
_3Table of contents only _uhttp://www.loc.gov/catdir/toc/fy0715/2007435211.html |
| 906 |
_a7 _bcbc _ccopycat _d2 _encip _f20 _gy-gencatlg |
||
| 942 |
_2lcc _cMONOGRAPH |
||
| 999 |
_c118187 _d118187 |
||